000 00671cam a22002533a 4500
001 32230
003 PGUSA
005 20140828083710.0
008 100503s2010||||xxu|||||s|||||000 1 eng d
040 _aPGUSA
_beng
042 _adc
050 4 _aPS
100 1 _aShaara, Michael,
_d1928-1988
245 1 0 _aWainer
_h[electronic resource] /
_cMichael Shaara
260 _bProject Gutenberg,
_c2010
506 _aPublic domain in the USA.
516 _aElectronic text
653 _aScience fiction
653 _aShort stories
700 1 _aAshman, William
830 0 _aProject Gutenberg
_v32230
856 4 0 _uhttp://www.gutenberg.org/ebooks/32230
942 _cEB
999 _c261485
_d261485